Príjmy zo závislej činnosti nie je možné zdaniť zrážkovou daňou

Zákon o dani z príjmov s účinnosťou od 1.1.2011 značne obmedzil skupinu príjmov fyzickej osoby, pri ktorých je možné aplikovať zrážkovú daň. Jednoduchý a prehľadný výber dane.

Guardado en:
Detalles Bibliográficos
Autor principal: Kušnírová, Jana, 1977-
Formato: Capítulo de libro
Lenguaje:eslovaco
Materias:
Etiquetas: Agregar Etiqueta
Sin Etiquetas, Sea el primero en etiquetar este registro!

MARC

LEADER 00000nla a2200000 4500
001 0155224
005 20240502072729.9
041 0 |a slo 
044 |a SK 
245 1 0 |a Príjmy zo závislej činnosti nie je možné zdaniť zrážkovou daňou  |c Jana Kušnírová 
520 |a Zákon o dani z príjmov s účinnosťou od 1.1.2011 značne obmedzil skupinu príjmov fyzickej osoby, pri ktorých je možné aplikovať zrážkovú daň. Jednoduchý a prehľadný výber dane. 
610 2 0 |a dane z príjmov 
610 2 0 |a dane zrážkové 
610 2 0 |a povinnosť daňová 
610 2 0 |a priznania daňové 
610 2 0 |a daňovníci 
100 1 |a Kušnírová, Jana, 1977-